A six weeks tour, through the southern counties of England and Wales (Record no. 113522)

MARC details
000 -LEADER
fixed length control field 01418cam a22002055a 4500
001 - CONTROL NUMBER
control field L155379
008 - FIXED-LENGTH DATA ELEMENTS--GENERAL INFORMATION
fixed length control field 120320s1772 xxk f 000 0 eng d
035 ## - SYSTEM CONTROL NUMBER
System control number (Sirsi) u155379
041 0# - LANGUAGE CODE
Language code of text/sound track or separate title eng
100 1# - MAIN ENTRY--PERSONAL NAME
Personal name Young, Arthur
Dates associated with a name 1741-1820
245 02 - TITLE STATEMENT
Title A six weeks tour, through the southern counties of England and Wales
Remainder of title Describing, particularly, I. The present state of agriculture and manufactures. II. The different Methods of cultivating the Soil. III. The Success attending some late Experiments on various Grasses, &c. IV. The Prices of Labour and Provisions. V. The state of the working poor in those Counties, wherein the Riots were most remarkable. With descriptions and copper-plates, of such newly invented Implements of Husbandry as deserve to be generally known: interspersed With Accounts of the Seats of the Nobility and Gentry, and other Objects worthy of Notice. By the author of the Farmer's letters
250 ## - EDITION STATEMENT
Edition statement The third edition, corrected and enlarged
260 ## - PUBLICATION, DISTRIBUTION, ETC.
Place of publication, distribution, etc. London
Name of publisher, distributor, etc. printed for W. Strahan; W. Nicoll, No. 51, in St. Paul's Church-Yard; T. Cadell, in the Strand; B. Collins, at Salisbury; and J. Balfour, at Edinburgh
Date of publication, distribution, etc. MDCCLXXII. [1772]
300 ## - PHYSICAL DESCRIPTION
Extent xii, 438, [30] p., plates
Dimensions 8o
520 ## - SUMMARY, ETC.
Summary, etc. The author of The farmer's letters = Arthur Young.
583 ## - ACTION NOTE
Action Condition reviewed
Time/date of action 20120620
Status condition level 2
651 #4 - SUBJECT ADDED ENTRY--GEOGRAPHIC NAME
Geographic name Great Britain
Chronological subdivision 1707-
690 ## - LOCAL SUBJECT ADDED ENTRY--TOPICAL TERM (OCLC, RLIN)
Topical term or geographic name as entry element Rural
9 (RLIN) 6268
942 ## - ADDED ENTRY ELEMENTS (KOHA)
Suppress in OPAC 0
Holdings
Withdrawn status Lost status Source of classification or shelving scheme Damaged status Not for loan Home library Current library Shelving location Date acquired Total Checkouts Full call number Barcode Date last seen Copy number Price effective from Koha item type
    Dewey Decimal Classification     Historic collection Historic collection Historic collection 20/03/2012   OCTAVO 1772 YOUNG 30075920 06/08/2019 1 06/08/2019 Book